[Event "Mittelfranken-chTB2a 1920"]
[Site "Mittelfranken"]
[Date "2020.04.26"]
[Round "9.8"]
[White "Riess, Michael"]
[Black "Reuter, Dennis"]
[Result "0-1"]
[WhiteElo "1426"]
[BlackElo "1756"]
[PlyCount "110"]
[EventDate "2019.10.13"]
[EventType "team-tourn"]
[EventRounds "9"]
[EventCountry "GER"]
[SourceTitle "EXT 2023"]
[Source "ChessBase"]
[SourceDate "2022.10.05"]
[SourceVersion "1"]
[SourceVersionDate "2022.10.05"]
[SourceQuality "1"]
[WhiteTeam "Ansbach/Bad Windsheim"]
[BlackTeam "Fuerth SG II"]
[WhiteTeamCountry "GER"]
[BlackTeamCountry "GER"]

1. e4 c5 2. Nf3 e6 3. d4 cxd4 4. Nxd4 a6 5. c4 Qc7 6. Nc3 Nf6 7. Bd3 Nc6 8. Nxc6 dxc6 9. 0-0 b6 10. Be3 Be7 11. h3 Bb7 12. Qc2 c5 13. Rad1 Rd8 14. Be2 0-0 15. Rxd8 Rxd8 16. Rd1 Nd7 17. f3 Ne5 18. Rxd8+ Bxd8 19. b3 Nc6 20. Qd2 Bf6 21. Bf4 Bxc3 22. Bxc7 Bxd2 23. Bxb6 Bb4 24. Kf2 Kf8 25. f4 f6 26. Bf3 Nd4 27. e5 Bxf3 28. gxf3 Kf7 29. Bc7 Nc2 30. h4 Kg6 31. exf6 gxf6 32. Bd8 Kf5 33. Ke2 Ne1 34. a3 Bc3 35. Be7 Ng2 36. Bxc5 Nxf4+ 37. Ke3 Ng2+ 38. Kd3 Be5 39. Bf2 Kf4 40. Ke2 f5 41. c5 Bf6 42. c6 Bd8 43. b4 Ke5 44. Bg3+ f4 45. Bh2 Kd6 46. Kf2 Nxh4 47. Bxf4+ Kxc6 48. a4 Be7 49. b5+ axb5 50. axb5+ Kxb5 51. Ke3 Ng2+ 52. Ke4 Nxf4 53. Kxf4 Kc6 54. Kg4 h6 55. f4 Kd5 0-1